[Event "Int. Stuttgarter Stadtmeisterschaft B"]
[Site "Ditzingen"]
[Date "2016.05.05"]
[Round "1.47"]
[White "Christ, Marcel"]
[Black "Funk, Christian"]
[Result "1-0"]
[WhiteElo "1708"]
[BlackElo "1411"]
[PlyCount "95"]
[EventDate "2016.??.??"]
[WhiteTeam "SC Ingersheim"]
[BlackTeam "Ssg Fils-Lauter"]

1. d4 d5 2. c4 dxc4 3. Nf3 Nf6 4. e3 Bg4 5. Bxc4 e6 6. Qb3 Bxf3 7. gxf3 b6 8.
Nc3 c6 9. Rg1 g6 10. Bd2 Bg7 11. Ne2 O-O 12. Nf4 Re8 13. Bxe6 fxe6 14. Nxe6 Qd5
15. Qxd5 Nxd5 16. Nxg7 Kxg7 17. Rc1 Nf4 18. Kf1 Ne6 19. f4 c5 20. f5 cxd4 21.
fxe6 dxe3 22. Rc7+ Kf6 23. Bxe3 h5 24. e7 Na6 25. Bg5+ Kf7 26. Rd7 Nc5 27. Rd8
Ne6 28. Rd6 Nxg5 29. Rxg5 Rg8 30. Re5 Rae8 31. Rd7 Kf6 32. Re3 Rg7 33. Rxa7
Rgxe7 34. Raxe7 Rxe7 35. Rxe7 Kxe7 36. f4 Ke6 37. Ke2 Kf5 38. Kf3 g5 39. fxg5
Kxg5 40. a4 Kf5 41. b4 Ke5 42. a5 bxa5 43. bxa5 Kd5 44. Kf4 Kc5 45. Kg5 Kb5 46.
Kxh5 Kxa5 47. Kg6 Kb6 48. h4 1-0

[Event "Int. Stuttgarter Stadtmeisterschaft B"]
[Site "Ditzingen"]
[Date "2016.05.05"]
[Round "1.48"]
[White "Wagner, Herbert"]
[Black "Wachtel, Arthur"]
[Result "0-1"]
[WhiteElo "1404"]
[BlackElo "1706"]
[PlyCount "140"]
[EventDate "2016.??.??"]
[WhiteTeam "SC Kreut"]
[BlackTeam "SK Freising"]

1. d4 e6 2. Nf3 b6 3. e3 Bb7 4. c4 Nf6 5. Bd3 Be7 6. Nc3 O-O 7. O-O d5 8. cxd5
Nxd5 9. Nxd5 Bxd5 10. Re1 Bb7 11. Qc2 h6 12. e4 Nc6 13. Be3 Nb4 14. Qe2 Nxd3
15. Qxd3 Rc8 16. Rad1 c5 17. Ne5 Bf6 18. f3 Qe7 19. Ng4 Bxd4 20. Bxd4 cxd4 21.
Qxd4 Rfd8 22. Qf2 Qb4 23. Ne3 Ba6 24. Rxd8+ Rxd8 25. Rd1 Rxd1+ 26. Nxd1 Qc4 27.
b3 Qd3 28. Ne3 Qb1+ 29. Nf1 Bxf1 30. Qxf1 Qxa2 31. Qb5 Qa1+ 32. Kf2 Qd4+ 33.
Kg3 Qd6+ 34. e5 Qe7 35. f4 Qc7 36. Qd3 g6 37. Kf3 Kf8 38. g4 Qc6+ 39. Kg3 Qd5
40. Qc3 Qc5 41. Qd3 Ke7 42. h4 g5 43. hxg5 hxg5 44. Kf3 gxf4 45. Kxf4 Qc1+ 46.
Kf3 Qh1+ 47. Kg3 Qg1+ 48. Kf3 Qh1+ 49. Kg3 Qe1+ 50. Kf4 Qc1+ 51. Kf3 Qc6+ 52.
Kg3 Qd5 53. Qc3 Qc5 54. Qb2 a5 55. Kf3 b5 56. Kf4 b4 57. Qd2 Qd5 58. Qc2 Qd4+
59. Qe4 Qxe4+ 60. Kxe4 Kd7 61. Kd4 Kc6 62. Kc4 Kb6 63. g5 Kc6 64. Kd4 Kb5 65.
Kd3 a4 66. bxa4+ Kxa4 67. Kc4 b3 68. Kc5 b2 69. Kd6 b1=Q 70. Ke7 Qf5 0-1

[Event "Int. Stuttgarter Stadtmeisterschaft B"]
[Site "Ditzingen"]
[Date "2016.05.05"]
[Round "1.49"]
[White "Steinhart, Matthias"]
[Black "Krebs, Thomas"]
[Result "1-0"]
[WhiteElo "1741"]
[BlackElo "1508"]
[PlyCount "76"]
[EventDate "2016.??.??"]
[WhiteTeam "SF Freiberg"]
[BlackTeam "SK Gerlingen"]

1. e4 e6 2. d4 d5 3. Nc3 Nf6 4. Bg5 Be7 5. e5 Nfd7 6. h4 c5 7. Bxe7 Qxe7 8. Nb5
O-O 9. Nc7 Nb6 10. Nxa8 Nxa8 11. Nf3 Bd7 12. c3 Nc6 13. dxc5 Qxc5 14. Bd3 Rc8
15. O-O Nb6 16. Re1 Be8 17. Nd2 Nd7 18. Nf3 a6 19. a3 Ne7 20. h5 Nf8 21. Bc2
Qc4 22. Nd4 Qc7 23. Qg4 Nc6 24. Nxc6 Bxc6 25. h6 g6 26. Qg5 Qd8 27. Qxd8 Rxd8
28. f4 f5 29. exf6 Kf7 30. g4 Kxf6 31. Rf1 Bd7 32. Bd3 Rc8 33. Rf2 Rc6 34. Raf1
Rc8 35. f5 Ke7 36. fxg6 Nxg6 37. Bxg6 hxg6 38. Rf7+ Kd6 1-0

[Event "Int. Stuttgarter Stadtmeisterschaft B"]
[Site "Ditzingen"]
[Date "2016.05.05"]
[Round "1.50"]
[White "Rieder, Josef"]
[Black "Pibernik, Dario"]
[Result "0-1"]
[WhiteElo "1771"]
[BlackElo "1562"]
[PlyCount "74"]
[EventDate "2016.??.??"]
[WhiteTeam "Stuttgarter SF"]
[BlackTeam "SV Schorndorf"]

1. e4 c5 2. Nf3 Nc6 3. d4 cxd4 4. Nxd4 e6 5. Be2 Nf6 6. Nxc6 bxc6 7. Nd2 Qa5 8.
O-O Qe5 9. Bd3 Bd6 10. Nf3 Qh5 11. Bg5 Bxh2+ 12. Nxh2 Qxg5 13. Nf3 Qf4 14. Qe2
h5 15. g3 Qc7 16. c4 Ng4 17. e5 c5 18. Rfe1 Rb8 19. b3 Bb7 20. Rad1 Bxf3 21.
Qxf3 Nxe5 22. Qf4 d6 23. Be4 Qe7 24. Kg2 g5 25. Qd2 h4 26. Qxd6 h3+ 27. Kh2
Ng4+ 28. Kg1 Qxd6 29. Rxd6 Ke7 30. Ra6 Rbd8 31. Rxa7+ Kf6 32. Bf3 Ne5 33. Be2
Rd2 34. Rc7 Rxe2 35. Rxe2 Nf3+ 36. Kh1 Rd8 37. Re1 Nxe1 0-1

[Event "Int. Stuttgarter Stadtmeisterschaft B"]
[Site "Ditzingen"]
[Date "2016.05.05"]
[Round "1.51"]
[White "Vaclahovsky, Gerhard"]
[Black "Klüppel, Werner"]
[Result "1-0"]
[WhiteElo "1702"]
[BlackElo "1392"]
[PlyCount "87"]
[EventDate "2016.??.??"]
[WhiteTeam "SK Keres-Augsburg"]
[BlackTeam "SC Pforzheim"]

1. e4 c6 2. d4 d5 3. exd5 cxd5 4. Nf3 Nf6 5. c3 Bf5 6. Bb5+ Nc6 7. Ne5 Rc8 8.
O-O a6 9. Nxc6 bxc6 10. Bxa6 Rb8 11. Bd3 Bxd3 12. Qxd3 e6 13. Nd2 Bd6 14. Nf3
Qc7 15. h3 O-O 16. Re1 Ne4 17. Re2 h6 18. c4 Nf6 19. c5 Bf4 20. Bxf4 Qxf4 21.
Ne5 Rbc8 22. g3 Qf5 23. Qxf5 exf5 24. Rae1 Ne4 25. Kg2 Ng5 26. a4 Ne6 27. Rd2
Rfe8 28. Kf1 Kf8 29. b4 f6 30. Nd7+ Kf7 31. Nb6 Rc7 32. b5 cxb5 33. axb5 Ra7
34. Nxd5 Ra4 35. c6 Rc4 36. Nf4 Nxd4 37. Rxe8 Kxe8 38. c7 Kd7 39. Ne2 Kxc7 40.
Nxd4 g6 41. Rc2 Rxc2 42. Nxc2 Kb6 43. Nd4 Kc5 44. Ke2 1-0

[Event "Int. Stuttgarter Stadtmeisterschaft B"]
[Site "Ditzingen"]
[Date "2016.05.05"]
[Round "1.52"]
[White "Lin, Jean-Claude"]
[Black "Knolmayer, Volker"]
[Result "0-1"]
[WhiteElo "1347"]
[BlackElo "1701"]
[PlyCount "60"]
[EventDate "2016.??.??"]
[WhiteTeam "SC Sillenbuch"]
[BlackTeam "SG Bettringen"]

1. d4 d5 2. c4 dxc4 3. Nc3 Nf6 4. e3 e6 5. Bxc4 c5 6. Nf3 Nc6 7. O-O Be7 8. Re1
O-O 9. Ne5 a6 10. a4 Qc7 11. f4 Rd8 12. d5 exd5 13. Nxd5 Nxd5 14. Bxd5 Nxe5 15.
fxe5 Qxe5 16. e4 Be6 17. Qe2 Bd6 18. g3 Bxd5 19. Bf4 Qd4+ 20. Kg2 Bxf4 21. exd5
Qxd5+ 22. Kf1 Qh1+ 23. Kf2 Qxh2+ 24. Kf1 Qxe2+ 25. Rxe2 Bxg3 26. Kg2 Bf4 27.
Kf3 Bg5 28. Kg4 h6 29. Rae1 Rd4+ 30. Kf3 Rxa4 0-1

[Event "Int. Stuttgarter Stadtmeisterschaft B"]
[Site "Ditzingen"]
[Date "2016.05.05"]
[Round "1.53"]
[White "Helmich, Jörg"]
[Black "Bueble, Joschua"]
[Result "1-0"]
[WhiteElo "1700"]
[BlackElo "1343"]
[PlyCount "45"]
[EventDate "2016.??.??"]
[WhiteTeam "Regensburger Turnerschaft"]
[BlackTeam "SV Stockenhausen-Frommern"]

1. e4 e6 2. d4 d5 3. Nc3 Bb4 4. e5 c5 5. a3 Ba5 6. b4 cxb4 7. Nb5 bxa3+ 8. c3
Bd7 9. Nd6+ Kf8 10. Qf3 Be8 11. Nxb7 Qc7 12. Nxa5 Ba4 13. Bxa3+ Ke8 14. Bb4 Qd7
15. Nh3 Nh6 16. Bd3 Rg8 17. Bxh7 Rh8 18. Bd3 Rg8 19. O-O g5 20. Qh5 Nf5 21.
Bxf5 exf5 22. Nxg5 Na6 23. Rxa4 1-0

[Event "Int. Stuttgarter Stadtmeisterschaft B"]
[Site "Ditzingen"]
[Date "2016.05.05"]
[Round "1.54"]
[White "Ungerer, Tobias"]
[Black "Kelemen, Norbert"]
[Result "0-1"]
[WhiteElo "1333"]
[BlackElo "1700"]
[PlyCount "68"]
[EventDate "2016.??.??"]
[WhiteTeam "Schach-Kids Bernhausen"]
[BlackTeam "SC Weiße Dame Ulm"]

1. e4 c5 2. Nf3 d6 3. d4 cxd4 4. Nxd4 Nf6 5. Nc3 a6 6. Bd3 e5 7. Nf3 Be7 8. O-O
O-O 9. Re1 Qc7 10. Be3 Be6 11. Be2 Nbd7 12. Rc1 Rac8 13. a3 Nc5 14. Bd3 Rfd8
15. b4 Ncd7 16. Ne2 d5 17. Ng3 dxe4 18. Nxe4 Nxe4 19. Bxe4 Nf6 20. Bxh7+ Nxh7
21. Qe2 Bc4 22. Bb6 Qxb6 23. Qxe5 Bf6 24. Qg3 Be6 25. Ne5 Ng5 26. h4 Nh7 27.
Re4 Qd6 28. Rce1 Nf8 29. f4 Bf5 30. R4e2 Rxc2 31. Nf3 Rxe2 32. Rxe2 Ng6 33. Ne5
Bxh4 34. Qc3 Qd1+ 0-1

[Event "Int. Stuttgarter Stadtmeisterschaft B"]
[Site "Ditzingen"]
[Date "2016.05.05"]
[Round "1.55"]
[White "Kobald, Matthias"]
[Black "Kayser, Florian"]
[Result "1-0"]
[WhiteElo "1699"]
[BlackElo "1295"]
[PlyCount "63"]
[EventDate "2016.??.??"]
[WhiteTeam "SV Stuttgart-Wolfbusch"]
[BlackTeam "TSV/RSK Esslingen"]

1. e4 c5 2. Nc3 d6 3. f4 Nc6 4. Bb5 Bd7 5. Bxc6 Bxc6 6. Nf3 Nf6 7. d3 e6 8. O-O
Be7 9. Qe1 Qb6 10. Rb1 O-O 11. Be3 Qc7 12. Qg3 Rfe8 13. Nh4 Rad8 14. f5 e5 15.
Bg5 d5 16. Bxf6 Bxf6 17. exd5 Qe7 18. dxc6 Bxh4 19. Qf3 b6 20. Ne4 Bf6 21. Qh5
Rd5 22. b3 h6 23. Rf3 b5 24. Rg3 Kh7 25. Qf3 a5 26. Qh5 c4 27. bxc4 bxc4 28.
Rb7 Qa3 29. Nxf6+ Kh8 30. h3 Qc1+ 31. Kh2 Qf4 32. Qxf7 1-0

[Event "Int. Stuttgarter Stadtmeisterschaft B"]
[Site "Ditzingen"]
[Date "2016.05.05"]
[Round "2.1"]
[White "Kleih, Julian"]
[Black "Holschke, Christian"]
[Result "1-0"]
[WhiteElo "1887"]
[BlackElo "1723"]
[PlyCount "74"]
[EventDate "2016.??.??"]
[WhiteTeam "SV Dettingen Erms"]
[BlackTeam "SC Neckarsulm"]

1. d4 f5 2. Nf3 Nf6 3. g3 g6 4. Bg2 Bg7 5. O-O O-O 6. b3 d6 7. Bb2 Qe8 8. c4 a5
9. Nc3 Nfd7 10. e4 fxe4 11. Nxe4 Nc6 12. Re1 Nf6 13. Neg5 Nd8 14. h3 h6 15. Ne4
Qf7 16. Nc3 Ne6 17. Qe2 Nh7 18. h4 Nxd4 19. Nxd4 Bxd4 20. Rf1 Nf6 21. Rae1 e5
22. Nd5 Bc5 23. Kh1 c6 24. Nxf6+ Qxf6 25. f4 Bf5 26. fxe5 Qe7 27. a3 Rae8 28.
Qd2 g5 29. b4 axb4 30. axb4 Bb6 31. exd6 Qh7 32. c5 Bd8 33. Rxe8 Rxe8 34. Qc3
Rf8 35. Qb3+ Qf7 36. Qxf7+ Rxf7 37. b5 cxb5 1-0

[Event "Int. Stuttgarter Stadtmeisterschaft B"]
[Site "Ditzingen"]
[Date "2016.05.05"]
[Round "2.2"]
[White "Schütz, Uwe"]
[Black "Ackermann, Hermann"]
[Result "1-0"]
[WhiteElo "1726"]
[BlackElo "1885"]
[PlyCount "135"]
[EventDate "2016.??.??"]
[WhiteTeam "SC Ostfildern"]
[BlackTeam "SC Pforzheim"]

1. d4 Nf6 2. g3 e6 3. Bg2 d5 4. Nf3 Be7 5. O-O O-O 6. Nbd2 Nbd7 7. c4 c6 8. Qc2
dxc4 9. Nxc4 Nb6 10. Nce5 Nfd7 11. Rd1 Qe8 12. e4 f6 13. Nd3 Qf7 14. Be3 Re8
15. Nc5 Nf8 16. Ne1 f5 17. Ned3 fxe4 18. Bxe4 Nd5 19. Ne5 Qf6 20. Ncd3 Nxe3 21.
fxe3 Qg5 22. Qf2 Bf6 23. h4 Qh6 24. Ng4 Qh5 25. Nxf6+ gxf6 26. Qxf6 Nd7 27. Qf3
Qxf3 28. Bxf3 e5 29. dxe5 Nxe5 30. Nxe5 Rxe5 31. Rd8+ Kf7 32. Bg4 Bxg4 33. Rxa8
Rxe3 34. Rf1+ Ke7 35. Kg2 Re2+ 36. Rf2 Bh3+ 37. Kg1 Re1+ 38. Kh2 Bg4 39. Rxa7
Kd6 40. Rxb7 h5 41. Rbf7 Be6 42. Rf1 Re2+ 43. R7f2 Re3 44. b3 Bg4 45. Rb2 Kc5
46. Rc1+ Kb5 47. b4 Bf3 48. Kg1 Bd5 49. Kh2 Re4 50. Rd1 Rxb4 51. Rdd2 Ka4 52.
Rxb4+ Kxb4 53. Kg1 Ka3 54. Kf2 Bxa2 55. Ke3 c5 56. Kd3 Be6 57. Kc3 Ka4 58. Rd6
Bg4 59. Kc4 Ka3 60. Kxc5 Kb3 61. Kd4 Kc2 62. Ke3 Kc3 63. Rc6+ Kb4 64. Kf4 Kb5
65. Rg6 Bd1 66. g4 hxg4 67. Rxg4 Bxg4 68. Kxg4 1-0

[Event "Int. Stuttgarter Stadtmeisterschaft B"]
[Site "Ditzingen"]
[Date "2016.05.05"]
[Round "2.3"]
[White "Wezel, Sebastian"]
[Black "Longo, Massimo"]
[Result "0-1"]
[WhiteElo "1870"]
[BlackElo "1719"]
[PlyCount "116"]
[EventDate "2016.??.??"]
[WhiteTeam "SV Dettingen Erms"]
[BlackTeam "SK Gräfelfing"]

1. e4 d6 2. d4 Nf6 3. Nc3 e5 4. Nf3 Nbd7 5. Bc4 Be7 6. O-O O-O 7. h3 c6 8. a4
b6 9. Qe2 a6 10. Rd1 Qc7 11. Be3 Bb7 12. a5 b5 13. Bb3 c5 14. dxe5 dxe5 15. Nd5
Nxd5 16. Bxd5 Bxd5 17. Rxd5 Nf6 18. Rxe5 Bd6 19. Rf5 Nxe4 20. Qd3 Nf6 21. c3
Rad8 22. Qc2 Qc6 23. Bg5 Be7 24. Re1 Rfe8 25. Rfe5 Qd6 26. Qe2 Rd7 27. Nh4 g6
28. Qf3 Nd5 29. Rxd5 Qxd5 30. Qxd5 Rxd5 31. Rxe7 Rxe7 32. Bxe7 Rd1+ 33. Kh2 Rd2
34. Bxc5 Rxb2 35. Kg3 Ra2 36. Bb4 f5 37. Nf3 f4+ 38. Kxf4 Rxf2 39. g4 Re2 40.
Nd4 Re1 41. h4 h6 42. Nb3 Rf1+ 43. Kg3 Rg1+ 44. Kh3 Rf1 45. Nc5 Rf3+ 46. Kg2
Rf6 47. Kg3 g5 48. hxg5 hxg5 49. Ne4 Rg6 50. Be7 Re6 51. Nf6+ Kf7 52. Nd5 Re5
53. Bxg5 Rxd5 54. Kf4 Rd3 55. c4 Rd4+ 56. Kf5 Rxc4 57. Bf6 Rc5+ 58. Be5 b4 0-1

[Event "Int. Stuttgarter Stadtmeisterschaft B"]
[Site "Ditzingen"]
[Date "2016.05.05"]
[Round "2.4"]
[White "Löchel, Günter"]
[Black "Winkler, Tim"]
[Result "1/2-1/2"]
[WhiteElo "1744"]
[BlackElo "1868"]
[PlyCount "124"]
[EventDate "2016.??.??"]
[WhiteTeam "SC Kreut"]
[BlackTeam "SF Deizisau"]

1. e4 d6 2. Nf3 g6 3. Bc4 Nf6 4. Nc3 Bg7 5. O-O a6 6. d4 b5 7. Bd3 Bb7 8. Re1
O-O 9. d5 Nbd7 10. Be3 c6 11. dxc6 Bxc6 12. Bf4 Nc5 13. e5 Bxf3 14. Qxf3 Nxd3
15. cxd3 dxe5 16. Bxe5 b4 17. Ne4 Nxe4 18. Qxe4 Bxe5 19. Qxe5 e6 20. Re3 Rb8
21. b3 Rb5 22. Qf4 Qg5 23. Qxg5 Rxg5 24. Rc1 Rd8 25. Kf1 Rgd5 26. Ke2 a5 27.
Rc4 e5 28. f4 exf4 29. Rxf4 R8d7 30. Rfe4 f5 31. Re5 Kf7 32. Rxd5 Rxd5 33. g3
a4 34. Rf3 axb3 35. axb3 g5 36. Ke3 Rc5 37. Kd4 Rc3 38. Rxf5+ Kg6 39. Rb5 Rxb3
40. Kc4 Rc3+ 41. Kd4 Rc2 42. Rxb4 Rxh2 43. g4 h5 44. Rb6+ Kg7 45. gxh5 Rxh5 46.
Ke4 Rh4+ 47. Kf5 Rd4 48. Rb3 Rd5+ 49. Ke4 Ra5 50. d4 Kf6 51. Rb6+ Kf7 52. d5 g4
53. Ke5 g3 54. Rb7+ Kf8 55. Rb2 Ke7 56. Rb7+ Kf8 57. Ke6 g2 58. Rb1 Ra2 59. d6
Re2+ 60. Kd7 Rd2 61. Rg1 Kf7 62. Kc7 Rc2+ 1/2-1/2

[Event "Int. Stuttgarter Stadtmeisterschaft B"]
[Site "Ditzingen"]
[Date "2016.05.05"]
[Round "2.6"]
[White "Wachtel, Arthur"]
[Black "Handel, Oliver"]
[Result "1/2-1/2"]
[WhiteElo "1706"]
[BlackElo "1854"]
[PlyCount "43"]
[EventDate "2016.??.??"]
[WhiteTeam "SK Freising"]
[BlackTeam "SF Kornwestheim"]

1. e4 c5 2. Nf3 d6 3. Bb5+ Bd7 4. Bxd7+ Nxd7 5. O-O Ngf6 6. Qe2 e5 7. c3 Be7 8.
Rd1 Qc7 9. d4 cxd4 10. cxd4 O-O 11. Nc3 Rfe8 12. dxe5 dxe5 13. Bg5 Rad8 14.
Rac1 Qa5 15. a3 Rc8 16. Nd5 Nxd5 17. Rxc8 Rxc8 18. Rxd5 Qd8 19. Bd2 Qc7 20. Bc3
f6 21. Qd1 Nc5 22. Bb4 1/2-1/2

[Event "Int. Stuttgarter Stadtmeisterschaft B"]
[Site "Ditzingen"]
[Date "2016.05.05"]
[Round "2.7"]
[White "Knolmayer, Volker"]
[Black "Shahisavandi, Abdollah"]
[Result "0-1"]
[WhiteElo "1701"]
[BlackElo "1848"]
[PlyCount "128"]
[EventDate "2016.??.??"]
[WhiteTeam "SG Bettringen"]
[BlackTeam "Karlsruher SF"]

1. e4 c5 2. Nf3 Nc6 3. Be2 g6 4. c3 Nf6 5. Qc2 d5 6. exd5 Qxd5 7. O-O Bg7 8. d3
O-O 9. c4 Qd6 10. Nc3 Bf5 11. a3 a6 12. Ne4 Qc7 13. Nxf6+ Bxf6 14. Rb1 Rfd8 15.
Be3 Ne5 16. Nxe5 Bxe5 17. g3 Bh3 18. Rfd1 Qc6 19. Bf1 Bxf1 20. Rxf1 Rd7 21.
Rfd1 Rad8 22. Rd2 Qf3 23. Bxc5 h5 24. Qd1 Qf5 25. d4 Bc7 26. Rc1 b6 27. Bb4 h4
28. Bc3 Qg5 29. Rd3 e5 30. Bd2 Qf5 31. Rf3 Qe4 32. d5 h3 33. Kf1 b5 34. b3 Qg4
35. Rf6 Qxd1+ 36. Rxd1 Bd6 37. Rf3 f5 38. Bc1 Rc8 39. cxb5 axb5 40. g4 Rdc7 41.
Bd2 f4 42. Rxh3 Bxa3 43. b4 Bb2 44. Rb3 Rc2 45. Ke1 Rd8 46. Rd3 g5 47. d6 Bd4
48. Rc1 Rxc1+ 49. Bxc1 Rxd6 50. Ke2 Rc6 51. Bd2 Kf7 52. Kf3 Ke6 53. Ra3 Kd5 54.
Ke2 e4 55. Ra2 Rh6 56. Be1 Rxh2 57. Ra5 Kc4 58. Ra6 f3+ 59. Kd1 Rh1 60. Rc6+
Kb3 61. Kd2 Rg1 62. Rc1 Rxg4 63. Rb1+ Kc4 64. Kc2 Rg2 0-1

[Event "Int. Stuttgarter Stadtmeisterschaft B"]
[Site "Ditzingen"]
[Date "2016.05.05"]
[Round "2.8"]
[White "Tönjes, Jürgen"]
[Black "Schreiber, Stephan"]
[Result "1-0"]
[WhiteElo "1838"]
[BlackElo "1730"]
[PlyCount "47"]
[EventDate "2016.??.??"]
[WhiteTeam "SF Lilienthal"]
[BlackTeam "SC Botnang"]

1. d4 e5 2. dxe5 Nc6 3. Nf3 Qe7 4. Bf4 Qb4+ 5. Bd2 Qxb2 6. Nc3 Bb4 7. Rb1 Qa3
8. Nd5 Ba5 9. Rb5 Bxd2+ 10. Qxd2 Kd8 11. e4 h6 12. Bd3 Nce7 13. O-O Nxd5 14.
exd5 b6 15. Re1 Qxa2 16. Qc3 c5 17. dxc6 Qe6 18. c7+ Ke8 19. Be4 a6 20. Nd4 Qe7
21. Bxa8 axb5 22. Nxb5 Ba6 23. Nd6+ Kf8 24. c8=Q+ 1-0

[Event "Int. Stuttgarter Stadtmeisterschaft B"]
[Site "Ditzingen"]
[Date "2016.05.05"]
[Round "2.9"]
[White "Kelemen, Norbert"]
[Black "Jantos, Stefan"]
[Result "1/2-1/2"]
[WhiteElo "1700"]
[BlackElo "1831"]
[PlyCount "38"]
[EventDate "2016.??.??"]
[WhiteTeam "SC Weiße Dame Ulm"]
[BlackTeam "SF Oeffingen"]

1. e4 d5 2. exd5 Nf6 3. c4 e6 4. dxe6 Bxe6 5. d4 Bb4+ 6. Nc3 Qe7 7. Be3 O-O 8.
Nf3 Ng4 9. Bd3 Nxe3 10. fxe3 Bg4 11. Kf2 Bxc3 12. bxc3 Re8 13. Re1 c5 14. Qc2
Bxf3 15. gxf3 Qh4+ 16. Kf1 cxd4 17. cxd4 Nc6 18. Qf2 Qh6 19. Rad1 Rac8 1/2-1/2

[Event "Int. Stuttgarter Stadtmeisterschaft B"]
[Site "Ditzingen"]
[Date "2016.05.05"]
[Round "2.10"]
[White "Rühl, Volker"]
[Black "Zaytsev, Evgeny"]
[Result "1/2-1/2"]
[WhiteElo "1830"]
[BlackElo "1723"]
[PlyCount "101"]
[EventDate "2016.??.??"]
[WhiteTeam "VfL Sindelfingen"]
[BlackTeam "Stuttgarter SF"]

1. e4 d6 2. d4 b6 3. c4 e6 4. Nc3 Nd7 5. Nf3 Be7 6. Bd3 Ngf6 7. O-O O-O 8. a3
Bb7 9. Re1 Rc8 10. b4 a6 11. h3 e5 12. d5 c6 13. Bd2 Ne8 14. Re2 Nc7 15. Nh2
Bg5 16. Be1 Qe7 17. Nf1 b5 18. dxc6 Bxc6 19. Nd5 Bxd5 20. cxd5 Nb6 21. Rc2 f5
22. f3 Nc4 23. Bxc4 bxc4 24. Rxc4 fxe4 25. Rxe4 Nb5 26. h4 Bh6 27. Qd3 Nc7 28.
Bd2 Qf6 29. Rc1 Nb5 30. Rec4 Rxc4 31. Rxc4 Nd4 32. Bc3 Nf5 33. Be1 Bf4 34. g3
Qg6 35. Kh2 Nxg3 36. Qxg6 Nxf1+ 37. Kg1 hxg6 38. Kxf1 Kh7 39. Kg2 g5 40. hxg5
Bxg5 41. Rc6 a5 42. b5 a4 43. Bb4 Rb8 44. b6 Be3 45. Bxd6 Rxb6 46. Rxb6 Bxb6
47. Bxe5 Bc5 48. Bb2 Kg6 49. Kg3 Kf5 50. Bxg7 Bxa3 51. Kg2 1/2-1/2

[Event "Int. Stuttgarter Stadtmeisterschaft B"]
[Site "Ditzingen"]
[Date "2016.05.05"]
[Round "2.11"]
[White "Funk, Patrick"]
[Black "Christ, Marcel"]
[Result "1-0"]
[WhiteElo "1793"]
[BlackElo "1708"]
[PlyCount "77"]
[EventDate "2016.??.??"]
[WhiteTeam "Mönchfelder SV"]
[BlackTeam "SC Ingersheim"]

1. c4 Nf6 2. g3 c6 3. Bg2 d5 4. e3 dxc4 5. Na3 g6 6. Nxc4 Qd3 7. Qe2 Qxe2+ 8.
Nxe2 Bg7 9. b3 O-O 10. Bb2 a5 11. O-O Nbd7 12. Bd4 Nd5 13. Bxg7 Kxg7 14. d4 b5
15. Nb2 Ba6 16. Rfc1 Rac8 17. Nc3 e6 18. Ne4 Rc7 19. Nd3 Bb7 20. Nd6 Ba6 21. a3
Ne7 22. b4 a4 23. Rc2 Rd8 24. Nc5 Nxc5 25. dxc5 Nd5 26. Rd1 Rcd7 27. Rd3 Kf8
28. Rcd2 Ke7 29. h4 Rb8 30. g4 h6 31. e4 Nf4 32. Nf5+ Kf6 33. Rxd7 gxf5 34.
gxf5 exf5 35. R2d6+ Ke5 36. Re7+ Ne6 37. exf5 Kxf5 38. Rxf7+ Kg6 39. Re7 1-0

[Event "Int. Stuttgarter Stadtmeisterschaft B"]
[Site "Ditzingen"]
[Date "2016.05.05"]
[Round "2.12"]
[White "Zimmermann, Tobias"]
[Black "Vaclahovsky, Gerhard"]
[Result "1-0"]
[WhiteElo "1820"]
[BlackElo "1702"]
[PlyCount "53"]
[EventDate "2016.??.??"]
[WhiteTeam "SC Botnang"]
[BlackTeam "SK Keres-Augsburg"]

1. e4 e5 2. Nf3 Nc6 3. d4 exd4 4. Bc4 d6 5. Nxd4 Nxd4 6. Qxd4 Be6 7. Nc3 Nf6 8.
O-O Be7 9. Re1 Bxc4 10. Qxc4 O-O 11. Bg5 Ng4 12. Bxe7 Qxe7 13. h3 Ne5 14. Qb4
Qg5 15. Re3 b6 16. Nd5 Qd8 17. f4 Ng6 18. Qc3 c6 19. Qxc6 Rc8 20. Qa4 Re8 21.
c3 Qh4 22. Rf1 f5 23. exf5 Rxe3 24. Nxe3 Ne5 25. Qa6 Re8 26. fxe5 Rxe5 27. Qc4+
1-0

[Event "Int. Stuttgarter Stadtmeisterschaft B"]
[Site "Ditzingen"]
[Date "2016.05.05"]
[Round "2.13"]
[White "Engelhardt, Frank"]
[Black "Helmich, Jörg"]
[Result "1/2-1/2"]
[WhiteElo "1807"]
[BlackElo "1700"]
[PlyCount "90"]
[EventDate "2016.??.??"]
[WhiteTeam "SC Botnang"]
[BlackTeam "Regensburger Turnerschaft"]

1. e4 e6 2. d4 d5 3. Nc3 Bb4 4. Bd3 dxe4 5. Bxe4 Nf6 6. Bf3 c5 7. Nge2 cxd4 8.
Qxd4 Qxd4 9. Nxd4 Bxc3+ 10. bxc3 e5 11. Nb5 Na6 12. Nd6+ Kd7 13. Ba3 Rb8 14.
Rd1 Ke6 15. O-O b6 16. Rfe1 Nc5 17. c4 Rd8 18. Nb5 Rxd1 19. Rxd1 a6 20. Nc7+
Ke7 21. h3 Bb7 22. Bxb7 Rxb7 23. Nd5+ Ke8 24. Nxb6 Rxb6 25. Bxc5 Rc6 26. Bd6
Rxc4 27. Bxe5 Rxc2 28. a3 Ra2 29. Rd3 Re2 30. f4 Ra2 31. Bd6 Ra1+ 32. Kh2 Re1
33. Be5 Re4 34. Rd4 Rxd4 35. Bxd4 Nd5 36. Kg3 g6 37. Kf3 f5 38. g3 Kf7 39. Ke2
Ke6 40. Kd3 Kd7 41. Be5 Kc6 42. Kd4 Nb6 43. g4 Nd7 44. gxf5 gxf5 45. Bg7 Kd6
1/2-1/2

[Event "Int. Stuttgarter Stadtmeisterschaft B"]
[Site "Ditzingen"]
[Date "2016.05.05"]
[Round "2.14"]
[White "Stuckel, Marc"]
[Black "Grünert, Thomas"]
[Result "1-0"]
[WhiteElo "1671"]
[BlackElo "1807"]
[PlyCount "93"]
[EventDate "2016.??.??"]
[WhiteTeam "SGem Vaihingen-Rohr"]
[BlackTeam "SF Illingen"]

1. Nf3 d5 2. g3 Nf6 3. d4 e6 4. c4 c6 5. Qc2 Ne4 6. Bg2 Bb4+ 7. Nfd2 f5 8. O-O
O-O 9. Nxe4 dxe4 10. Rd1 Qe7 11. Bf4 Bd6 12. Bxd6 Qxd6 13. e3 Na6 14. f3 exf3
15. Bxf3 e5 16. d5 e4 17. Be2 Bd7 18. Nc3 Qh6 19. Qd2 Rae8 20. a3 Nc5 21. Qd4
Nb3 22. Qxa7 Ra8 23. Qb6 Na5 24. Rab1 Ra6 25. Qc7 Qxe3+ 26. Kh1 Bc8 27. d6 Be6
28. d7 Raa8 29. d8=Q Raxd8 30. Rxd8 Nxc4 31. Rxf8+ Kxf8 32. Qb8+ Kf7 33. Qf4
Qc5 34. Qc7+ Kg6 35. Qxb7 Nxa3 36. bxa3 Qxc3 37. Qb2 Qe3 38. Rc1 Bd5 39. Bf1 f4
40. gxf4 Qxf4 41. Bg2 Qg5 42. Rg1 Kf7 43. Qe2 Ke7 44. Bxe4 Qe5 45. Re1 Kd6 46.
Bxd5 Qxd5+ 47. Qe4 1-0

[Event "Int. Stuttgarter Stadtmeisterschaft B"]
[Site "Ditzingen"]
[Date "2016.05.05"]
[Round "2.15"]
[White "Steinmassl, Guido"]
[Black "Giebler, Kai"]
[Result "0-1"]
[WhiteElo "1622"]
[BlackElo "1789"]
[PlyCount "54"]
[EventDate "2016.??.??"]
[WhiteTeam "SK Gerlingen"]
[BlackTeam "TSF Ditzingen"]

1. c4 e6 2. Nf3 Nf6 3. e3 d5 4. Nc3 Be7 5. Be2 O-O 6. d4 b6 7. cxd5 exd5 8. O-O
Bf5 9. Bd2 h6 10. Rc1 c6 11. Ne5 Bd6 12. f4 c5 13. Bf3 Be4 14. Qe1 Na6 15. a3
Nc7 16. Qf2 Re8 17. g3 Ne6 18. Bxe4 dxe4 19. Nc4 cxd4 20. exd4 Nxd4 21. Nxd6
Qxd6 22. Rcd1 Nf3+ 23. Kg2 Nxh2 24. Bc1 Qc6 25. Qe2 Nxf1 26. Kxf1 e3 27. Qg2
e2+ 0-1

[Event "Int. Stuttgarter Stadtmeisterschaft B"]
[Site "Ditzingen"]
[Date "2016.05.05"]
[Round "2.16"]
[White "Pocrnic, Josip"]
[Black "Kobald, Matthias"]
[Result "1-0"]
[WhiteElo "1787"]
[BlackElo "1699"]
[PlyCount "59"]
[EventDate "2016.??.??"]
[WhiteTeam "SF Conweiler"]
[BlackTeam "SV Stuttgart-Wolfbusch"]

1. e4 c5 2. Nf3 g6 3. d4 cxd4 4. Qxd4 Nf6 5. Nc3 Nc6 6. Qd3 d6 7. h3 Bg7 8. Bg5
O-O 9. O-O-O h6 10. Bf4 Qa5 11. Kb1 a6 12. g4 Nd7 13. Bd2 Nc5 14. Qe3 Be6 15.
a3 Qd8 16. Nd5 b5 17. Bc3 Bxc3 18. Nxc3 Kh7 19. Nd4 Nxd4 20. Qxd4 Qc7 21. f4
Rac8 22. f5 Bd7 23. Nd5 Qd8 24. Bg2 Bc6 25. Rhf1 Bxd5 26. fxg6+ fxg6 27. Qxd5
Rg8 28. e5 dxe5 29. Rf7+ Rg7 30. Rxg7+ 1-0